|
|
|
|
| LEADER |
02750nam a22004093i 4500 |
| 001 |
EBC6913574 |
| 003 |
MiAaPQ |
| 005 |
20231204023221.0 |
| 006 |
m o d | |
| 007 |
cr cnu|||||||| |
| 008 |
231204s2020 xx o ||||0 cze d |
| 020 |
|
|
|a 9788021096400
|q (electronic bk.)
|
| 020 |
|
|
|z 9788021096394
|
| 035 |
|
|
|a (MiAaPQ)EBC6913574
|
| 035 |
|
|
|a (Au-PeEL)EBL6913574
|
| 035 |
|
|
|a (OCoLC)1305844371
|
| 040 |
|
|
|a MiAaPQ
|b eng
|e rda
|e pn
|c MiAaPQ
|d MiAaPQ
|
| 100 |
1 |
|
|a Kučerová, Judita.
|
| 245 |
1 |
0 |
|a Proměny Brněnského varhanního festivalu.
|
| 250 |
|
|
|a 1st ed.
|
| 264 |
|
1 |
|a Brno :
|b Masaryk University,
|c 2020.
|
| 264 |
|
4 |
|c {copy}2020.
|
| 300 |
|
|
|a 1 online resource (111 pages)
|
| 336 |
|
|
|a text
|b txt
|2 rdacontent
|
| 337 |
|
|
|a computer
|b c
|2 rdamedia
|
| 338 |
|
|
|a online resource
|b cr
|2 rdacarrier
|
| 505 |
0 |
|
|a Intro -- Obsah -- PŘEDMLUVA -- Z HISTORIE BRNĚNSKÉHO VARHANNÍHO FESTIVALU (Judita Kučerová) -- Počátky festivalu (1981-1989) -- Brněnský varhanní festival na sklonku 20. století -- Brněnský varhanní festival v novém tisíciletí -- Nahlédnutí do dramaturgické koncepce Brněnského varhanního festivalu -- Jubilejní 40. ročník Brněnského varhanního festivalu -- Premiéry na Brněnském varhanním festivalu -- Účinkující umělci -- Ohlédnutí za Brněnským varhanním festivalem po čtyřiceti letech -- POSTŘEHY A ZKUŠENOSTI -- 1. Vzpomínky Hany Bartošové ze zákulisí festivalu (Hana Bartošová) -- 2. „Varhaník si nemůže vozit na cesty svůj nástroj…" (Alena Veselá) -- 3. O festivalových varhanách z pohledu P. Martina Bejčka (P. Jan Martin Bejček, OSB) -- PŘEHLEDY KONCERTŮ -- 1. Festivalové koncerty v letech 1981-1993 (Hana Bartošová) -- 2. Koncerty Brněnského varhanního festivalu v letech 1994-2020 (Marek Sedláček) -- 3. Mimobrněnské koncerty v letech 2009-2020 (Hana Bartošová) -- VÝHLEDY (Judita Kučerová) -- Výběr literatury a pramenů -- Summary.
|
| 588 |
|
|
|a Description based on publisher supplied metadata and other sources.
|
| 590 |
|
|
|a Electronic reproduction. Ann Arbor, Michigan : ProQuest Ebook Central, 2023. Available via World Wide Web. Access may be limited to ProQuest Ebook Central affiliated libraries.
|
| 655 |
|
4 |
|a Electronic books.
|
| 700 |
1 |
|
|a Bartošová, Hana.
|
| 700 |
1 |
|
|a Veselá, Alena.
|
| 700 |
1 |
|
|a Bejček, Jan.
|
| 700 |
1 |
|
|a Sedláček, Marek.
|
| 776 |
0 |
8 |
|i Print version:
|a Kučerová, Judita
|t Proměny Brněnského varhanního festivalu
|d Brno : Masaryk University,c2020
|z 9788021096394
|
| 797 |
2 |
|
|a ProQuest (Firm)
|
| 856 |
4 |
0 |
|u https://ebookcentral.proquest.com/lib/matrademy/detail.action?docID=6913574
|z Click to View
|